Catalogo

La expedición americana de Alexander von Humboldt y su contribución a la ciencia del siglo XIX (Registro nro. 14685)

Detalles MARC
000 -LEADER
fixed length control field 00612nam a2200205Ia 4500
005 - DATE AND TIME OF LATEST TRANSACTION
control field 20251006225630.0
008 - FIXED-LENGTH DATA ELEMENTS--GENERAL INFORMATION
fixed length control field 251006t2003||||xx |||||||||||||| ||und||
040 ## - CATALOGING SOURCE
Original cataloging agency CBC
100 ## - MAIN ENTRY--PERSONAL NAME
Personal name Rebok, Sandra
245 ## - TITLE STATEMENT
Title La expedición americana de Alexander von Humboldt y su contribución a la ciencia del siglo XIX
300 ## - PHYSICAL DESCRIPTION
Extent p. 441-458
600 ## - SUBJECT ADDED ENTRY--PERSONAL NAME
Personal name ALEXANDER VON HUMBOLDT
650 ## - SUBJECT ADDED ENTRY--TOPICAL TERM
Topical term or geographic name entry element CIENCIA
650 ## - SUBJECT ADDED ENTRY--TOPICAL TERM
Topical term or geographic name entry element HISTORIA
650 ## - SUBJECT ADDED ENTRY--TOPICAL TERM
Topical term or geographic name entry element RELATOS DE VIAJEROS
650 ## - SUBJECT ADDED ENTRY--TOPICAL TERM
Topical term or geographic name entry element SIGLOS XIX
651 ## - SUBJECT ADDED ENTRY--GEOGRAPHIC NAME
Geographic name AMERICA
773 ## - HOST ITEM ENTRY
Main entry heading Boletín del Instituto Francés de Estudios Andinos Vol. 32 No. 3 (2003)
942 ## - ADDED ENTRY ELEMENTS (KOHA)
Catalogador MJCh

No hay ítems disponibles.

Dirección

Pasaje Pampa de La Alianza 164 / Cusco, Cusco, Perú 08001

Horario de atención

Lunes a Viernes
Turno mañana:  9:00am - 1:00pm
Turno tarde:  3:00pm - 6:00pm



Teléfonos

Fijo: +5184245415 / Movil: +51974943010